Logo BPK

Biblioteka

Politechniki Koszalińskiej

Polska : (Rekord nr 49211)

Szczegóły MARC
000 -ETYKIETA REKORDU
podpole kontrolne o stałej długości 01494nem a2200433 i 4500
001 - NUMER KONTROLNY REKORDU
pole kontrolne 49211
003 - IDENTYFIKATOR NUMERU KONTROLNEGO REKORDU
podpole kontrolne KOSZ 005
005 - DATA OSTATNIEJ MODYFIKACJI REKORDU
podpole kontrolne 20200210083311.0
007 - DANE KONTROLNE - FORMA FIZYCZNA DOKUMENTU
podpole kontrolne o stałej długości ad canzn
008 - POLE O STAŁEJ DŁUGOŚCI - DANE KONTROLNE
podpole kontrolne o stałej długości 101217s2010 pl bcg e | 1 pol
015 ## - NUMER BIBLIOGRAFII NARODOWEJ
Numer bibliografii narodowej BDK 2010/65
020 ## - MIĘDZYNARODOWY ZNORMALIZOWANY NUMER KSIĄŻKI - ISBN
ISBN 8373454535
034 1# - DANE MATEMATYCZNE ZAKODOWANE
Rodzaj skali a
Liniowa skala pozioma 100000
035 ## - NUMER SYSTEMOWY
Numer systemowy przejętego rekordu 991003737179705066
035 ## - NUMER SYSTEMOWY
Numer systemowy przejętego rekordu (PL-WaBN)b25668997-48omnis_nlop
035 ## - NUMER SYSTEMOWY
Numer systemowy przejętego rekordu b25668997
035 ## - NUMER SYSTEMOWY
Numer systemowy przejętego rekordu (OCoLC)839098533
035 ## - NUMER SYSTEMOWY
Numer systemowy przejętego rekordu (PL)b0000002566899
035 ## - NUMER SYSTEMOWY
Numer systemowy przejętego rekordu (EXLNZ-48OMNIS_NETWORK)9910403597805606
040 ## - ŹRÓDŁO KATALOGOWANIA
Instytucja, która sporządziła opis WA N
Instytucja, która utworzyła rekord WA N
Instytucja, która dokonała modyfikacji KOSZ 005/HR
080 ## - UNIWERSALNA KLASYFIKACJA DZIESIĘTNA - UKD
UKD 912(438)
245 00 - TYTUŁ/ODPOWIEDZIALNOŚĆ
Tytuł Polska :
Ciąg dalszy tytułu atlas geograficzny : skala 1:100 000 /
Pozostałe elementy strefy tytułu i oznaczenia odpowiedzialności oprac. Wydawnictwo Kartograficzne Mapy Ścienne Beata Piętka.
255 ## - STREFA DANYCH MATEMATYCZNYCH
Oznaczenie skali Skala 1:100 000.
260 ## - STREFA ADRESU WYDAWNICZEGO
Miejsce wydania Katowice :
Nazwa wydawcy/dystrybutora Wydawnictwo Kartograficzne Mapy Ścienne Beata Piętka,
Data publikacji, dystrybucji/powstania dokumentu 2010.
300 ## - STREFA OPISU FIZYCZNEGO
Objętość 1 atlas (643 s.) :
Inne cechy fizyczne gł. mapy, il. kolor. ;
Rozmiary 35 cm.
380 ## - FORMA I TYP PUBLIKACJI
Forma i typ publikacji Mapy
388 ## - CZAS POWSTANIA
Czas powstania 2001-
500 ## - UWAGI OGÓLNE
Tekst uwagi Katowice 2010/2011.
500 ## - UWAGI OGÓLNE
Tekst uwagi Rzeźba terenu: cieniowanie, barwy hipsometryczne, punkty wysokości.
500 ## - UWAGI OGÓLNE
Tekst uwagi Wewnętrzna s. okł. mapa skorowidzowa.
504 ## - UWAGA DOTYCZĄCA BIBLIOGRAFII
Informacje o bibliografii Indeks nazw geogr.
651 #7 - HASŁO PRZEDMIOTOWE W FORMIE NAZWY GEOGRAFICZNEJ
Nazwa geograficzna Polska
Źródło hasła lub terminu DBN
655 #7 - TERMIN INDEKSOWY - OKREŚLENIE RODZAJU/FORMY DOKUMENTU
Określenie rodzaju/formy dokumentu Atlas geograficzny
Źródło terminu DBN
658 ## - TERMIN INDEKSOWY - PRZEDMIOT PROGRAMU NAUCZANIA
Główny przedmiot programu nauczania Geografia i nauki o Ziemi
710 2# - HASŁO DODATKOWE - NAZWA CIAŁA ZBIOROWEGO
Nazwa ciała zbiorowego lub jednostki geograficznej Wydawnictwo Piętka
Określenie związku między hasłem a opisywanym materiałem Wydawca
856 ## - LOKALIZACJA I DOSTĘP DO ELEKTRONICZNYCH DOKUMENTÓW ZDALNYCH
Link (URL) http://koha.tu.koszalin.pl/cgi-bin/koha/opac-detail.pl?biblionumber=49211
Tekst linku Katalog online BPK
942 ## - DODATKOWE ELEMENTY (KOHA)
Schemat klasyfikacji Uniwersalna Klasyfikacja Dziesiętna
Typ dokumentu Kartograficzne
Egzemplarze
Wycofany Status Uszkodzony Dostępność Lokalizacja stała Lokalizacja bieżąca Miejsce przechowywania Cena Sygnatura Kod kreskowy Dział Typ dokumentu
      Tylko na miejscu Biblioteka Politechniki Koszalińskiej Biblioteka Politechniki Koszalińskiej Czytelnia Wydziałowa ul. Kwiatkowskiego 6e 245.00 MP 1633 02201009 912 Mapy. Atlasy geograficzne Kartograficzne
      Tylko na miejscu Czytelnia Wydziału Elektroniki i Informatyki, Wydziału Architektury i Wzornictwa, Wydziału Inżynierii Mechanicznej i Energetyki oraz Wydziału Inżynierii Lądowej, Środowiska i Geodezji Czytelnia Wydziału Elektroniki i Informatyki, Wydziału Architektury i Wzornictwa, Wydziału Inżynierii Mechanicznej i Energetyki oraz Wydziału Inżynierii Lądowej, Środowiska i Geodezji Czytelnia Wydziałowa ul. Śniadeckich 2 245.00 MP 1614 02201368 912 Nietekstowe przedstawienie obszarów Ziemi. Mapy. Atlasy Kartograficzne
© 2023 Biblioteka Politechniki Koszalińskiej :: KOHA